000 00573nam a2200145Ia 4500
008 100204s9999 xx 000 0 und d
082 _b17082
100 _aकर्णिक सुधाकर
245 _aकावळ्या कावळ्या दार उघड
260 _b"दिपाली प्रकाशन , कल्याण , ठाणे"
_c1992
300 _a311
630 _aकावळ्या कावळ्या दार उघड
730 _aकावळ्या कावळ्या दार उघड
942 _cBOOK
999 _c461505
_d461502